000 00285nam a22001337a 4500
008 181031b xxu||||| |||| 00| 0 eng d
020 _a9780844264226
041 _aeng
080 _a510
100 _a39
101 _aMAT
245 _aFor Math Majors
_cRuth.J.D
942 _2udc
_cBK
999 _c51345
_d51345